Marketing science & inspirations

Bibliographic Details
Previous Title:Marketing inspirations
Other Authors: Štarchoň, Peter, 1971- (Publishing director)
Format: Journal
Language:Slovak
English
Czech
PhysicalDescription:zv. 24 cm
Published: V Bratislave Fakulta managementu Univerzity Komenského 2012-
ISSN:1338-7944
1336-796X
Subjects:

MARC

LEADER 00000cas a2200000 a 4500
001 vtls010443243
003 SK-MaSNL
005 20260228160349.0
008 120817c20129999xo qr|p 0 b0slo
022 |a 1338-7944 
040 |a SVKBB  |b slo  |c SVKBB  |d SNK  |e AACR2 
041 0 |a slo  |a eng  |a cze  |b eng  |b slo  |b cze 
044 |a xo  |c SK 
072 7 |a 658  |x Riadenie a správa podniku  |2 konspekt 
072 7 |a 339  |x Obchod  |2 konspekt 
080 |a 339.138  |2 2011 
080 |a 658.8:005  |2 2011 
080 |a 658.8  |2 2011 
080 |a 050  |2 2011 
080 |a 001(051)  |2 2011 
210 0 |a Mark. sci. inspir. 
222 0 |a Marketing science and inspirations 
245 0 0 |a Marketing science & inspirations 
246 1 3 |a Marketing science and inspirations 
260 |a V Bratislave  |b Fakulta managementu Univerzity Komenského  |c 2012- 
300 |a zv.  |c 24 cm 
310 |a 4x ročne  |b 2014- 
321 |a 2x ročne  |b 2012-2013 
362 0 |a Roč. 7, č. 1 (2012)- 
500 |a Registračné číslo MK SR: EV 3360/09 
500 |a V tiráži podnázov: vedecký časopis zameraný na problematiku marketingu a marketingového manažmentu 
500 |a Šéfredaktor: 2014- , Peter Štarchoň 
504 |a Bibliogr. ; Pozn. 
546 |a Text aj v angl., češ. ; res. slov., angl., čes. 
650 0 7 |a marketing  |2 SNKPH  |9 2299 
650 0 7 |a marketingový manažment  |2 SNKPH  |9 1715 
655 7 |a vedecké časopisy  |2 SNKPH  |9 70520 
700 1 |a Štarchoň, Peter,  |d 1971-  |4 pbd  |9 199876 
710 2 |a Univerzita Komenského v Bratislave.  |b Fakulta managementu.  |b Katedra marketingu  |4 pbl  |9 83840 
752 |a Slovensko  |d Bratislava 
780 0 0 |t Marketing inspirations  |x 1336-796X  |w vtls008627194 
852 |a Štátna vedecká knižnica v Banskej Bystrici 
910 |a snk 
910 |a svkbb 
916 |a 2012-2013, 2014-2017, 2018-2020 
999 |c 2272  |d 4202 
952 |0 0  |1 0  |4 0  |7 0  |8 0  |a SNK  |b SNK  |d 2025-04-23  |i snk2025/6802  |l 0  |o snkČSB 5870/17/2022 D1  |p 17A1556637  |r 2026-02-21 19:48:08  |t č. 1-4  |w 2026-02-21  |y PREZ 
952 |0 0  |1 0  |4 0  |7 0  |8 0  |a SNK  |b SNK  |d 2025-04-23  |f 1  |i snk2025/6803  |l 0  |o snkČSB 5870/18/2023  |p 17A1556638  |r 2026-02-21 19:48:08  |t č. 1-4  |w 2026-02-21  |y PREZ 
952 |0 0  |1 0  |4 0  |7 0  |8 0  |a SNK  |b SNK  |d 2023-10-27  |f 1  |i snk2023/15625  |l 0  |o snkČSB 5870/17/2022  |p 17A1521914  |r 2026-02-21 19:48:12  |t č. 1-4  |w 2026-02-21  |y PREZ 
952 |0 0  |1 0  |4 0  |7 0  |8 0  |a SNK  |b SNK  |d 2021-05-28  |i snk2021/5929  |l 0  |o snkČSB 5870/14/2019 D1  |p 17A1434153  |r 2026-02-21 19:58:46  |t č. 1-4  |w 2026-02-21  |y PREZ 
952 |0 0  |1 0  |4 0  |7 0  |8 0  |a SNK  |b SNK  |d 2021-05-28  |f 1  |i snk2021/5931  |l 0  |o snkČSB 5870/15/2020  |p 17A1434154  |r 2026-02-21 19:58:46  |t č. 1-4  |w 2026-02-21  |y PREZ 
952 |0 0  |1 0  |4 0  |7 0  |8 0  |a SNK  |b SNK  |d 2022-09-26  |f 1  |i snk2022/14712  |l 0  |o snkČSB 5870/16/2021  |p 17A1464066  |r 2026-02-21 20:02:02  |t č. 1-4  |w 2026-02-21  |y PREZ 
952 |0 0  |1 0  |4 0  |7 0  |8 0  |a SNK  |b SNK  |d 2022-09-22  |i snk2022/14549  |l 0  |o snkČSB 5870/15/2020 D1  |p 17A1463880  |r 2026-02-21 20:09:36  |t č. 1-4  |w 2026-02-21  |y PREZ 
952 |0 0  |1 0  |4 0  |7 0  |8 0  |a SNK  |b SNK  |d 2014-03-06  |f 1  |i snk2014/6083  |l 0  |o snkČSB 5870/7/2012  |p 17A1087709  |r 2026-02-21 20:41:42  |t č. 1-2  |w 2026-02-21  |y PREZ 
952 |0 0  |1 0  |4 0  |7 0  |8 0  |a SNK  |b SNK  |d 2014-03-06  |i snk2014/6084  |l 0  |o snkČSB 5870/7/2012 D1  |p 17A1087710  |r 2026-02-21 20:41:42  |t č. 1-2  |w 2026-02-21  |y PREZ 
952 |0 0  |1 0  |4 0  |7 0  |8 0  |a SNK  |b SNK  |d 2014-03-06  |f 1  |i snk2014/6085  |l 0  |o snkČSB 5870/8/2013  |p 17A1087711  |r 2026-02-21 20:41:42  |t č. 1-2  |w 2026-02-21  |y PREZ 
952 |0 0  |1 0  |4 0  |7 0  |8 0  |a SNK  |b SNK  |d 2014-12-11  |i snk2014/27646  |l 0  |o snkČSB 5870/8/2013 D1  |p 17A0870753  |r 2026-02-21 20:42:27  |t č. 1-2  |w 2026-02-21  |y PREZ 
952 |0 0  |1 0  |4 0  |7 0  |8 0  |a SNK  |b SNK  |d 2019-10-28  |f 1  |i snk2019/27443  |l 0  |o snkČSB 5870/13/2018  |p 17A1370843  |r 2026-02-21 21:04:54  |t č. 1-4  |w 2026-02-21  |y PREZ 
952 |0 0  |1 0  |4 0  |7 0  |8 0  |a SNK  |b SNK  |d 2023-04-21  |i snk2023/6526  |l 0  |o snkČSB 5870/16/2021 D1  |p 17A1465883  |r 2026-02-21 21:39:54  |t č. 1-4  |w 2026-02-21  |y PREZ 
952 |0 0  |1 0  |4 0  |7 0  |8 0  |a SNK  |b SNK  |d 2017-03-10  |f 1  |i snk2017/6671  |l 0  |o snkČSB 5870/9/2014  |p 17A1205481  |r 2026-02-21 22:03:54  |t č. 1-4  |w 2026-02-21  |y PREZ 
952 |0 0  |1 0  |4 0  |7 0  |8 0  |a SNK  |b SNK  |d 2017-03-10  |i snk2017/6672  |l 0  |o snkČSB 5870/9/2014 D1  |p 17A1205480  |r 2026-02-21 22:03:54  |t č. 1-4  |w 2026-02-21  |y PREZ 
952 |0 0  |1 0  |4 0  |7 0  |8 0  |a SNK  |b SNK  |d 2017-03-10  |f 1  |i snk2017/6675  |l 0  |o snkČSB 5870/10/2015  |p 17A1205479  |r 2026-02-21 22:03:54  |t č. 1-4  |w 2026-02-21  |y PREZ 
952 |0 0  |1 0  |4 0  |7 0  |8 0  |a SNK  |b SNK  |d 2017-03-10  |i snk2017/6676  |l 0  |o snkČSB 5870/10/2015 D1  |p 17A1205478  |r 2026-02-21 22:03:54  |t č. 1-4  |w 2026-02-21  |y PREZ 
952 |0 0  |1 0  |4 0  |7 0  |8 0  |a SNK  |b SNK  |d 2017-03-10  |f 1  |i snk2017/6678  |l 0  |o snkČSB 5870/11/2016  |p 17A1205477  |r 2026-02-21 22:03:54  |t č. 1-4  |w 2026-02-21  |y PREZ 
952 |0 0  |1 0  |4 0  |7 0  |8 0  |a SNK  |b SNK  |d 2018-11-27  |i snk2018/25331  |l 0  |o snkČSB 5870/11/2016 D1  |p 17A1341542  |r 2026-02-21 22:06:24  |t č. 1-4  |w 2026-02-21  |y PREZ 
952 |0 0  |1 0  |4 0  |7 0  |8 0  |a SNK  |b SNK  |d 2018-11-27  |f 1  |i snk2018/25332  |l 0  |o snkČSB 5870/12/2017  |p 17A1341543  |r 2026-02-21 22:06:24  |t č. 1-4  |w 2026-02-21  |y PREZ 
952 |0 0  |1 0  |4 0  |7 0  |8 0  |a SNK  |b SNK  |d 2019-11-12  |i snk2019/29040  |l 0  |o snkČSB 5870/12/2017 D1  |p 17A1383310  |r 2026-02-21 22:07:58  |t č. 1-4  |w 2026-02-21  |y PREZ 
952 |0 0  |1 0  |4 0  |7 0  |8 0  |a SNK  |b SNK  |d 2020-07-22  |i snk2020/13078  |l 0  |o snkČSB 5870/13/2018 D1  |p 17A1430984  |r 2026-02-21 22:08:35  |t č. 1-4  |w 2026-02-21  |y PREZ 
952 |0 0  |1 0  |4 0  |7 0  |8 0  |a SNK  |b SNK  |d 2020-07-22  |f 1  |i snk2020/13079  |l 0  |o snkČSB 5870/14/2019  |p 17A1430985  |r 2026-02-21 22:29:16  |t č. 1-4  |w 2026-02-21  |y PREZ